000 00880nam a2200253Ia 4500
003 OSt
005 20220923225536.0
006 a|||||r|||| 00| 0
007 ta
008 tam
024 _a270,702
037 _cTextual
040 _aARTS
_cARTS
_btam
041 _2tam
_atam
082 _aO31,3N12,CH, 152M1
100 _aवरदराजन्, मु0
_9162380
245 0 _aचिराग़* तमिष उपन्यास, अनु क त अ कलैवाणन्
246 _aChirāग़: tamiṣh upanyāsa, anu k t a kalaivāṇan
260 _aनई दिल्ली
_b साहित्य अकादेमी
_c1981
300 _a256पृ0
_ccm.
650 _aतमिल साहित्य
942 _hO31,3N12,CH, 152M1
_cTEXL
_2CC
999 _c378953
_d378953